[Event "Buenos Aires op"]
[Site "Buenos Aires"]
[Date "1997.??.??"]
[Round "6"]
[White "Bronstein, Luis"]
[Black "Tempone, Marcelo"]
[Result "0-1"]
[WhiteElo "2395"]
[BlackElo "2450"]

1.c4 e6 2.Nf3 Nf6 3.d4 c5 4.d5 d6 5.Nc3 exd5 6.cxd5 g6 7.e4 a6 8.a4 Bg4 9.Be2 Bxf3
10.Bxf3 Nbd7 11.Bf4 Qe7 12.O-O Bg7 13.e5 dxe5 14.d6 Qe6 15.Bxb7 Rb8 16.Bc6 O-O
17.Bg5 Rb4 18.Bxd7 Nxd7 19.Be7 Rfb8 20.Rc1 Rxb2 21.Ne4 Rc8 22.Qd3 c4 23.Ng5 Qf5
24.Qd5 e4 25.Qxe4 Qxe4 26.Nxe4 c3 27.g4 Rb4 28.Rfe1 c2 29.g5 Bb2 30.Nf6+ Bxf6
31.Bxf6 Kf8 32.Be7+ Kg7 33.Bf6+ Nxf6 34.gxf6+ Kxf6 35.d7 Rd8 36.Rxc2 Rxd7
37.Rc6+ Kg7 38.Rxa6 Rd2 39.a5 Rf4 40.Rf1 Rg4+ 41.Kh1 Ra2 42.Rb6 Rxa5 43.Rb3 Rf5
44.Rg3 Rgf4 45.Kg2 h5 46.h3 Kf6 47.Ra3 Kg5 48.Kg3 Rc4 49.Rb3 Rfc5 50.h4+ Kh6
51.f3 Rd4 52.Rb7 Kg7 53.Ra1 Rc3 54.Rf1 Rcc4 55.Rh1 Rd3 56.Re7 Kf6 57.Ra7 Rg4+
58.Kf2 Rd2+ 59.Ke3 Rgg2 60.Rb1 Rge2+ 61.Kf4 Rd5 62.Kg3 Kg7 63.Rb4 g5 64.hxg5 Rxg5+
65.Kf4 Ree5 66.Rbb7 Ref5+ 67.Ke4 Rf6 68.Rb8 Rgf5 69.Raa8 Rf4+ 70.Ke5 R6f5+
71.Kd6 Rxf3 72.Rg8+ Kf6 73.Ra6 Re3  0-1

[Event "Cannes op 18th"]
[Site "Cannes"]
[Date "1997.??.??"]
[Round "3"]
[White "Renaze, Luc"]
[Black "Bouaziz, Slim"]
[Result "0-1"]
[WhiteElo "2320"]
[BlackElo "2385"]

1.d4 Nf6 2.c4 e6 3.Nf3 c5 4.d5 exd5 5.cxd5 d6 6.Nc3 g6 7.Nd2 Bg7 8.Nc4 O-O
9.Bf4 Ne8 10.e3 g5 11.Bg3 f5 12.Qd2 Qe7 13.f4 gxf4 14.Bxf4 Nd7 15.Bd3 Ne5
16.O-O Bd7 17.e4 Nxd3 18.Qxd3 b5 19.Nd2 b4 20.Ne2 fxe4 21.Nxe4 Bf5 22.N2g3 Bg6
23.Rae1 Bxb2 24.Qa6 Be5 25.Bxe5 Rxf1+ 26.Qxf1 dxe5 27.Qc4 Kh8 28.Rd1 Rd8
29.d6 Nxd6 30.Qxc5 Bxe4 31.Nxe4 Nxe4 32.Rxd8+ Qxd8 33.Qxe5+ Nf6 34.g4 Qd1+
35.Kf2 Qc2+ 36.Kg1 Qc1+ 37.Kf2 Qc5+  0-1

[Event "Cherepovets"]
[Site "Cherepovets"]
[Date "1997.??.??"]
[Round "9"]
[White "Zakhvatov, Vladimir"]
[Black "Grechihin, Valery"]
[Result "0-1"]
[WhiteElo "2360"]
[BlackElo "2490"]

1.d4 Nf6 2.c4 c5 3.d5 e6 4.Nc3 exd5 5.cxd5 d6 6.Nf3 g6 7.Bg5 h6 8.Bh4 g5
9.Bg3 Nh5 10.e3 Nxg3 11.hxg3 Bg7 12.Qa4+ Kf8 13.Qc2 Nd7 14.Be2 Qe7 15.O-O h5
16.Qe4 Bh6 17.Qxe7+ Kxe7 18.Nd2 Ne5 19.Rae1 g4 20.Nc4 Bg7 21.f4 gxf3 22.gxf3 Bh3
23.Rf2 Nxc4 24.Bxc4 Be5 25.f4 Bxc3 26.bxc3 Rag8 27.Rh2 Rxg3+ 28.Kf2 Rhg8
29.Reh1 Bf5 30.Rxh5 Be4 31.R1h2 Rg2+ 32.Rxg2 Rxg2+ 33.Ke1 Rb2 34.Bb3 b5  0-1

[Event "Cherepovets"]
[Site "Cherepovets"]
[Date "1997.??.??"]
[Round "11"]
[White "Zhuravlev, Vladimir"]
[Black "Bratchenko, Alexander"]
[Result "1-0"]
[WhiteElo "2350"]
[BlackElo "2390"]

1.d4 Nf6 2.c4 c5 3.d5 e6 4.Nc3 exd5 5.cxd5 d6 6.Nf3 g6 7.Bf4 a6 8.e4 b5 9.Qe2 Nh5
10.Bg5 f6 11.Be3 Be7 12.Nd2 Nd7 13.a4 bxa4 14.g3 Rb8 15.Ra2 Rb4 16.Bg2 O-O
17.O-O Ne5 18.Ndb1 Nc4 19.Bc1 Bd7 20.Re1 Qa5 21.Na3 Nxa3 22.Rxa3 Rfb8 23.Bf1 Ng7
24.f4 Ne8 25.Nd1 Rd4 26.Be3 Rxe4 27.Bg2 f5 28.Bxe4 fxe4 29.Bd2 Qd8 30.Qxe4 Bf6
31.Bc3 Kf7 32.Qe2 Nc7 33.Bxf6 Qxf6 34.Re3 Nxd5 35.Qc4 Qd4 36.Qxd4 cxd4 37.R3e2 Bb5
38.Re4 d3 39.Rd4 Nb4 40.Rxb4  1-0

[Event "Cseppko op"]
[Site "Cseppko"]
[Date "1997.??.??"]
[Round "3"]
[White "Kiss, Pal"]
[Black "Tamas, Norbert"]
[Result "1-0"]
[WhiteElo "2450"]
[BlackElo "2150"]

1.d4 Nf6 2.c4 e6 3.Nf3 c5 4.d5 exd5 5.cxd5 d6 6.Nc3 g6 7.Bg5 h6 8.Bh4 a6
9.a4 Qe7 10.Nd2 Nbd7 11.Nc4 g5 12.Bg3 Ne4 13.Nxe4 Qxe4 14.e3 Nf6 15.Qb3 Qxd5
16.Rd1 Qe6 17.Nxd6+ Bxd6 18.Bc4 Qf5 19.Bxf7+ Kf8 20.Bxd6+ Kg7 21.O-O Bd7
22.Bd5 Rhe8 23.Bxb7  1-0

[Event "MSS-ch"]
[Site "CZE"]
[Date "1997.??.??"]
[Round "?"]
[White "Saljova, Silvie"]
[Black "Pacvon, M."]
[Result "1-0"]
[WhiteElo "2205"]
[BlackElo "1950"]

1.d4 Nf6 2.Nf3 e6 3.c4 c5 4.d5 exd5 5.cxd5 d6 6.Nc3 a6 7.a4 g6 8.Bg5 Bg7
9.Nd2 h6 10.Bh4 Nbd7 11.e3 Qc7 12.Be2 O-O 13.O-O b6 14.Nc4 Ne5 15.Bxf6 Bxf6
16.Ne4 Nxc4 17.Nxf6+ Kg7 18.Nh5+ gxh5 19.Bxc4 h4 20.f4 Qe7 21.Ra3 h3 22.Rf3 Rg8
23.Rg3+ Kf8 24.Qh5 Qf6 25.Rb3 Rb8 26.gxh3 a5 27.Bd3 Bd7 28.Bb5 Bf5 29.Rc3 Rb7
30.Bc6 Rb8 31.Qe2 Rxg3+ 32.hxg3 Bxh3 33.e4 Qd4+ 34.Kh2 Bc8 35.e5 dxe5 36.fxe5 Bg4
37.Qe3 Qxe3 38.Rxe3 Ke7 39.Re4 Rg8 40.Rf4 Rg7 41.Rf6 h5 42.Bb5 Rg5 43.d6+ Kf8
44.d7 Bxd7 45.Bxd7 Rxe5 46.Rxb6 Ke7 47.Bb5 Re4 48.b3 Rb4 49.Rb7+ Kf6 50.Ba6 h4
51.gxh4 Rxh4+ 52.Kg3 Rd4 53.Bc4 Kg6 54.Bxf7+  1-0

[Event "CZE-chT2 9697"]
[Site "CZE"]
[Date "1997.??.??"]
[Round "?"]
[White "Orsag, Milan"]
[Black "Nun, Jiri"]
[Result "1/2-1/2"]
[WhiteElo "2385"]
[BlackElo "2395"]

1.Nf3 Nf6 2.d4 c5 3.d5 e6 4.c4 exd5 5.cxd5 d6 6.Nc3 g6 7.e4 Bg7 8.Be2 O-O
9.O-O Bg4 10.h3 Bxf3 11.Bxf3 a6 12.a4 Nbd7 13.Bf4 Ne8 14.Qd2 Rb8 15.Be2 Qa5
16.Qc2 Qc7 17.a5 Nef6 18.Bd2 Rfe8 19.Kh1 Rbc8 20.Ra4 Qd8 21.f4 c4 22.Bf3 Nh5
23.Ne2 f5 24.e5 dxe5 25.Bxh5 e4 26.Rxc4 Nf6 27.Ng3 Nxh5 28.Nxh5 gxh5 29.Be3 Qd7
30.b4 Rxc4 31.Qxc4 Rc8 32.Bc5 Qf7 33.Rd1 Bh6 34.Qf1 Rd8 35.d6 Rd7 36.Qf2 Bg7
37.Qg3 Qg6 38.Qb3+ Qf7 39.Qg3 Qg6 40.Qb3+ Qf7 41.Qd5 Bh6 42.Be3 Bf8 43.Bc5 Bh6
44.Qd2 Bf8 45.Kh2 Qe6 46.Kh1 Kf7 47.Qe2 Kg6  1/2-1/2

[Event "CZE-chT2 9798"]
[Site "CZE"]
[Date "1997.??.??"]
[Round "1.7"]
[White "Cedikova, Katerina"]
[Black "Tochacek, Michal"]
[Result "0-1"]
[WhiteElo "2135"]
[BlackElo "2220"]

1.d4 Nf6 2.c4 e6 3.Nf3 c5 4.d5 exd5 5.cxd5 d6 6.Nc3 Bf5 7.e4 Bg4 8.Be2 Nbd7
9.O-O Be7 10.Nd2 Bxe2 11.Qxe2 O-O 12.Re1 a6 13.a4 Qc7 14.f4 Rfe8 15.Nc4 Nb6
16.Nxb6 Qxb6 17.a5 Qd8 18.Bd2 Rc8 19.Qc4 Nd7 20.Na4 Bf6 21.Bc3 Bxc3 22.Nxc3 Qf6
23.Qf1 Qd4+ 24.Kh1 Nf6 25.Rad1 Qb4 26.e5 Nd7 27.Ne4 dxe5 28.Nd6 e4 29.Nxc8 Rxc8
30.Qe2 f5 31.d6 c4 32.Rd5 Rc5 33.Red1 Qxa5 34.Rxc5 Qxc5 35.Rc1 b5 36.b3 Qxd6
37.bxc4 Qxf4 38.Qc2 b4 39.c5 Ne5  0-1

[Event "Dieren op"]
[Site "Dieren"]
[Date "1997.??.??"]
[Round "4"]
[White "Verholt, Gerard"]
[Black "Belle, Erika"]
[Result "0-1"]
[WhiteElo "2145"]
[BlackElo "2040"]

1.d4 Nf6 2.c4 e6 3.Nf3 c5 4.d5 exd5 5.cxd5 d6 6.Nc3 Be7 7.h3 O-O 8.Bf4 Re8
9.e3 a6 10.a4 Nbd7 11.Be2 Nf8 12.O-O Ng6 13.Bh2 Bf8 14.Nd2 Ne5 15.Bxe5 Rxe5
16.Nc4 Re8 17.a5 g6 18.Na4 Bg7 19.Nab6 Rb8 20.Bf3 Qe7 21.Ra3 Bd7 22.Nxd7 Nxd7
23.Rb3 Ne5 24.Nxe5 Bxe5 25.Rb6 Rbc8 26.Qb3 Rc7 27.Rc1 f5 28.Rc4 Qg7 29.Qc2 Ree7
30.g3 Qf7 31.Kg2 Red7 32.e4 Kf8 33.exf5 gxf5 34.Rh4 Qf6 35.Qd2 Rg7 36.Rh5 Rcf7
37.Be2 f4 38.Bg4 fxg3 39.Rf5 Qxf5 40.Bxf5 gxf2+ 41.Kxf2 Rxf5+ 42.Ke3 Bf4+
43.Ke4 Re7+ 44.Kxf5 Bxd2 45.Rxd6 Bxa5 46.Rh6 Bd2 47.Rh4 Ke8 48.d6 Rf7+ 49.Ke6 Rg7
50.Re4 Kd8 51.h4 Bc1 52.b3 Rg3 53.Rc4 Bh6 54.Rxc5 Rg6+ 55.Kd5 Bf8 56.Rc2 Rxd6+
57.Ke5 Rh6 58.Rd2+ Kc7 59.Rf2 Bd6+ 60.Kd5 Rh5+ 61.Ke6 Bg3  0-1

[Event "RUS-Cup5"]
[Site "Ekaterinburg"]
[Date "1997.??.??"]
[Round "4"]
[White "Yakovich, Yuri"]
[Black "Filippov, Valerij"]
[Result "1-0"]
[WhiteElo "2575"]
[BlackElo "2510"]

1.d4 Nf6 2.c4 c5 3.d5 e6 4.Nc3 exd5 5.cxd5 d6 6.Nf3 g6 7.Bf4 a6 8.e4 b5 9.Qe2 Be7
10.Qc2 O-O 11.a4 b4 12.Nb1 Re8 13.Bd3 Bf8 14.O-O a5 15.Nbd2 Nbd7 16.h3 Nb6
17.Rfe1 Nfd7 18.Bb5 Ba6 19.Bc6 Ra7 20.e5 dxe5 21.Nxe5 Nxe5 22.Bxe5 Ree7 23.Rad1 Nd7
24.Bg3 Nf6 25.Bh4 Qd6 26.Rxe7 Rxe7 27.Bxf6 Qxf6 28.Ne4 Qh4 29.d6 Re5 30.d7 Qd8
31.Qd2 Be7 32.Qf4 Rf5 33.Qg3 Bc4 34.Nd6 Bxd6 35.Qxd6 Be6 36.g4 Rf6 37.Qe5  1-0

[Event "RUS-Cup5"]
[Site "Ekaterinburg"]
[Date "1997.??.??"]
[Round "6"]
[White "Berezovics, Alexander"]
[Black "Sadvakasov, Darmen"]
[Result "0-1"]
[WhiteElo "2355"]
[BlackElo "2405"]

1.d4 Nf6 2.Nf3 c5 3.d5 e6 4.c4 exd5 5.cxd5 d6 6.Nc3 g6 7.Bg5 Bg7 8.e3 h6
9.Bh4 g5 10.Bg3 Nh5 11.Bd3 Nxg3 12.hxg3 O-O 13.Qc2 Na6 14.a3 Rb8 15.Bh7+ Kh8
16.Bf5 Kg8 17.Bh7+ Kh8 18.Bf5 Qf6 19.g4 Re8 20.Rb1 c4 21.Bxc8 Rbxc8 22.Qf5 Qxf5
23.gxf5 Kg8 24.Nb5 Bf8 25.f6 Rc5 26.Nc3 Nc7 27.Rd1 Nb5 28.Na4 Rcc8 29.Kd2 Kh7
30.Nxg5+ Kg6 31.Nh3 Kxf6 32.Nf4 Re5 33.Nc3 Nxc3 34.Kxc3 Ke7 35.Nh5 Rc5 36.Rh4 Rexd5
37.Rxd5 Rxd5 38.Kxc4 Rd2 39.f3 Rxb2 40.Re4+ Kd7 41.Nf6+ Kc6 42.Re8 d5+ 43.Nxd5 Bxa3
44.Rc8+ Kd7 45.Rc7+ Kd6 46.Rxf7 b5+ 47.Kd4 Rd2+ 48.Ke4 Rxd5 49.Rxa7 Re5+
50.Kf4 Bc1 51.Ra6+ Kd5 52.Kg4 Bxe3 53.f4 Re6 54.Ra8 b4 55.f5 Rb6 56.Kf3 Bg5  0-1

[Event "Momotov mem"]
[Site "Enakievo"]
[Date "1997.??.??"]
[Round "?"]
[White "Shneider, Aleksandr"]
[Black "Ivanov, Victor L"]
[Result "1-0"]
[WhiteElo "2565"]
[BlackElo "2390"]

1.d4 e6 2.c4 Nf6 3.Nf3 c5 4.d5 exd5 5.cxd5 d6 6.Nc3 g6 7.h3 a6 8.a4 Qe7 9.Nd2 Bg7
10.Nc4 Nbd7 11.Bf4 Ne5 12.Bxe5 dxe5 13.e4 O-O 14.Be2 Ne8 15.d6 Qd8 16.O-O Be6
17.Nd5 Kh8 18.Ndb6 Rb8 19.a5 f5 20.f4 exf4 21.e5 g5 22.Bf3 Bh6 23.Bd5 Ng7
24.Bxe6 Nxe6 25.Qh5 Bg7 26.Rad1 Kg8 27.Nd5 Rf7 28.h4 gxh4 29.Nxf4 Qe8 30.d7  1-0

[Event "FIN-chT 9798"]
[Site "Finland"]
[Date "1997.??.??"]
[Round "2"]
[White "Lindstedt, Johan"]
[Black "Kytoniemi, Jyrki"]
[Result "1-0"]
[WhiteElo "2305"]
[BlackElo "2205"]

1.d4 e6 2.Nf3 Nf6 3.c4 c5 4.d5 exd5 5.cxd5 d6 6.Nc3 g6 7.e4 Bg7 8.h3 O-O
9.Bd3 Re8 10.O-O a6 11.a4 c4 12.Bxc4 Nxe4 13.Nxe4 Rxe4 14.Bd3 Re8 15.Bg5 Bf6
16.Bxf6 Qxf6 17.Re1 Rf8 18.Qe2 Bf5 19.Bxf5 Qxf5 20.Rad1 Nd7 21.Qe7 Nc5 22.Qxd6 Nxa4
23.Qb4 b5 24.Ne5 Qf6 25.Nd7 Qxb2 26.Qh4 Rfd8 27.Nf6+ Kg7 28.Qxh7+ Kxf6 29.Rd3 Rxd5
30.Rxd5 Rc8 31.Rd6+ Kg5 32.Qxf7 Qc2 33.Re5+ Kh6 34.Qf4+  1-0

[Event "FRA-chT9697 groupe A"]
[Site "France"]
[Date "1997.??.??"]
[Round "2"]
[White "Legky, Nikolay A"]
[Black "Hamdouchi, Hichem"]
[Result "1/2-1/2"]
[WhiteElo "2535"]
[BlackElo "2520"]

1.d4 Nf6 2.c4 e6 3.Nf3 c5 4.d5 exd5 5.cxd5 d6 6.Nc3 g6 7.e4 Bg7 8.h3 O-O
9.Bd3 b5 10.Bxb5 Nxe4 11.Nxe4 Qa5+ 12.Nfd2 Qxb5 13.Nxd6 Qa6 14.N2c4 Nd7 15.O-O Nb6
16.Nxb6 Qxb6 17.Nxc8 Raxc8 18.Rb1 Rfd8 19.Bf4 Qb7 20.d6 Bf8 21.Qd3 Bxd6 22.Bxd6 Rc6
23.Rfd1 Rcxd6 24.Qxd6 Rxd6 25.Rxd6 c4 26.Rd2 c3 27.Rc2 Qe4 28.Rbc1 cxb2 29.Rxb2 Qa4
30.Re2 Kg7 31.Rcc2 h5 32.Rcd2 Qc4 33.Re1 a5 34.Red1 Qa4 35.Rb1 Qe4 36.Ra1 Qb4
37.Re2 Qc3 38.Rae1 Qa3 39.h4 Kh6 40.g3 f5 41.Kg2 Qa4 42.f4 Qc6+ 43.Kh2 a4
44.Re3 Qc4 45.R1e2 Qd4 46.Re7 a3 47.Rb7 Qc5 48.Rb3 Qc4 49.Rd2 Qc1 50.Rbd3 Qc5
51.Kg2 Qc6+ 52.Kf2 Qc5+ 53.Ke2 Qc4 54.Kd1 Qb5 55.Ke1 Qc4 56.Kf2 Qc5+ 57.Kg2 Qc6+
58.Kh2 Qc1 59.Rd8 Qe1 60.Rc2 Qe4 61.Rdc8 Qd3 62.Rg2 Qe3 63.Rh8+ Kg7 64.Rb8 Kh6
65.Rb3 Qc5 66.Rb8 Qe3  1/2-1/2

[Event "BL2-O9697"]
[Site "Germany"]
[Date "1997.??.??"]
[Round "?.7"]
[White "Csulits, Anton"]
[Black "Doeres, Hans Juergen"]
[Result "1/2-1/2"]
[WhiteElo "2315"]
[BlackElo "2235"]

1.d4 Nf6 2.Nf3 c5 3.d5 e6 4.c4 exd5 5.cxd5 d6 6.Nc3 g6 7.Bg5 Bg7 8.e3 O-O
9.Be2 a6 10.a4 h6 11.Bh4 b6 12.Nd2 Qc7 13.O-O Re8 14.Nc4 Bb7 15.Bg3 Bf8 16.f4 Nbd7
17.Bf3 b5 18.axb5 Nb6 19.Nxb6 Qxb6 20.e4 axb5 21.Rxa8 Rxa8 22.e5 Ne8 23.Bf2 Qa5
24.Ne4 Qb4 25.exd6 Bxd6 26.f5 g5 27.h4 f6 28.hxg5 hxg5 29.Re1 Qxb2 30.Nxc5 g4
31.Nxb7 gxf3 32.Nxd6 Nxd6 33.Qxf3 Nf7 34.Qh5 Ne5 35.d6 Ra1 36.Rd1 Rxd1+ 37.Qxd1 Nd7
38.Qd5+ Kf8 39.Be3 Qa1+ 40.Kf2 Qb2+ 41.Kf3 Qa3 42.Qxb5 Qxd6 43.Bh6+ Ke7 44.Bf4 Qd1+
45.Qe2+ Qxe2+ 46.Kxe2 Nb6 47.Be3 Nd5 48.Bc5+ Kf7 49.Kf3 Nc3 50.Bd4 Nd5 51.Ke4 Ne7
52.g4 Ng8 53.Be3 Ne7 54.Bc5 Ng8 55.Kf4 Kg7 56.Bd4 Kf7 57.Bc5 Kg7 58.Be3 Kf7
59.Ke4 Ne7 60.Bf4 Ng8 61.Bd2 Ne7 62.Bb4 Ng8 63.Kf4 Kg7 64.Kg3 Kf7 65.Kh4 Kg7
66.Kh5 Kf7 67.Ba3 Kg7 68.Bb2 Kf7 69.Bd4 Ne7 70.Kh6 Ng8+ 71.Kh7 Ne7 72.Bc5 Nc6
73.Kh6 Ne5 74.Kh5 Nf3 75.Be3 Kg7 76.Bc1 Kf7  1/2-1/2

[Event "Bundesliga 9697"]
[Site "Germany"]
[Date "1997.??.??"]
[Round "?.1"]
[White "Van der Sterren, Paul"]
[Black "Maiwald, Jens Uwe"]
[Result "1/2-1/2"]
[WhiteElo "2515"]
[BlackElo "2495"]

1.d4 Nf6 2.c4 c5 3.d5 e6 4.Nc3 exd5 5.cxd5 d6 6.Nf3 g6 7.Nd2 Nbd7 8.e4 Bg7
9.Be2 O-O 10.O-O Re8 11.a4 Ne5 12.Ra3 g5 13.Qc2 Qe7 14.Re1 a6 15.a5 Rb8 16.Nf1 h6
17.Ng3 Ng6 18.Na4 Nh4 19.Bd2 Bd7 20.Nb6 Bb5 21.Bc3 Rbd8 22.Rb3 Bxe2 23.Rxe2 Ng4
24.Bxg7 Kxg7 25.Nc4 Rd7 26.e5 Nxe5 27.Rxe5 dxe5 28.Rb6 Rxd5 29.Ne3 Red8 30.Nh5+ Kf8
31.Qh7 Rd1+ 32.Nf1 Qd7 33.Qxh6+ Ke7 34.Qf6+ Kf8 35.Qg7+ Ke7 36.Qxg5+ Kf8
37.Qh6+ Ke7 38.Qf6+ Kf8 39.Qg7+ Ke7 40.Qxe5+ Kf8 41.Qg7+ Ke7 42.Ng3 Nf5 43.Qe5+ Kf8
44.Qh8+ Ke7 45.Qe5+ Kf8 46.Qh8+  1/2-1/2

[Event "Oberliga Nord W9798"]
[Site "Germany"]
[Date "1997.??.??"]
[Round "?.3"]
[White "Richter, Matthias Alexander"]
[Black "Heinsohn, Thomas"]
[Result "1-0"]
[WhiteElo "2275"]
[BlackElo "2255"]

1.d4 Nf6 2.Nf3 e6 3.c4 c5 4.d5 exd5 5.cxd5 d6 6.Nc3 g6 7.Bf4 Bg7 8.e4 O-O
9.Nd2 Re8 10.Be2 a6 11.a4 Bf8 12.O-O Nbd7 13.Qc2 Ne5 14.h3 Qc7 15.Bg5 Ned7
16.Nc4 h6 17.Bh4 Rb8 18.a5 g5 19.Bg3 b5 20.axb6 Nxb6 21.Ne3 Nbd7 22.f4 Rb4
23.Nc4 Nb6 24.fxg5 Nxc4 25.Bxc4 Nh5 26.Bh2 Rxc4 27.Qe2 Rb4 28.Qxh5 hxg5 29.Qxg5+ Bg7
30.Rf3 Rxb2 31.Raf1 Rf8 32.Rf6 Rb6 33.e5 c4 34.exd6 Qc5+ 35.Kh1 Qd4 36.Be5 Qd3
37.R6f5 f6 38.Bxf6 Rxf6 39.Rxf6 Rxd6 40.Rxd6 Qxf1+ 41.Kh2 Qf5 42.Qd8+ Kh7
43.Qh4+ Kg8 44.Rd8+ Kf7 45.Qxc4 Qe5+ 46.g3 Bf5 47.Ne2 Qe3 48.d6+ Kg6 49.Nf4+ Kh7
50.Qe2 Qc5 51.Qh5+ Bh6 52.Rd7+ Kg8 53.Qf7+  1-0

[Event "Oberliga Ost B9798"]
[Site "Germany"]
[Date "1997.??.??"]
[Round "?.5"]
[White "Froehner, Christian"]
[Black "Koehler, Ronald"]
[Result "0-1"]
[WhiteElo "2200"]
[BlackElo "2235"]

1.d4 Nf6 2.c4 e6 3.Nf3 c5 4.d5 exd5 5.cxd5 d6 6.Nc3 g6 7.e4 a6 8.a4 Bg4 9.Qb3 Bxf3
10.gxf3 Qe7 11.Bg2 Bg7 12.O-O O-O 13.f4 Nbd7 14.Re1 Rab8 15.Bd2 Ne8 16.Rad1 b5
17.axb5 axb5 18.Bf1 Nc7 19.Kh1 Qh4 20.f3 Rfe8 21.Re2 b4 22.Nb1 Nb5 23.Rg2 Nd4
24.Qe3 f5 25.Be1 Qh5 26.Be2 fxe4 27.Rxd4 exf3 28.Re4 fxg2+ 29.Kxg2 Rxe4 30.Qxe4 Qf5
31.Qxf5 gxf5 32.b3 Re8 33.Kf3 Bd4 34.Bd2 Kf7 35.Bb5 Re7 36.Bc1 Nb6 37.Nd2 Re1  0-1

[Event "Graz op"]
[Site "Graz"]
[Date "1997.??.??"]
[Round "5"]
[White "Roeder, Mathias"]
[Black "Galje, Hans"]
[Result "1-0"]
[WhiteElo "2435"]
[BlackElo "2095"]

1.d4 Nf6 2.c4 e6 3.Nf3 c5 4.d5 exd5 5.cxd5 d6 6.Nc3 g6 7.Bf4 a6 8.a4 Bg7
9.e4 Bg4 10.Be2 Bxf3 11.Bxf3 Qe7 12.O-O Nbd7 13.a5 O-O 14.Qd2 Rab8 15.Rfe1 b5
16.axb6 Rxb6 17.Ra2 Rfb8 18.Bd1 Ne8 19.Ba4 Ne5 20.Bxe8 Qxe8 21.Qe2 Qc8 22.h3 c4
23.Bxe5 Bxe5 24.Rc1 Rb4 25.Rc2 Qb7 26.g3 Qb6 27.Kg2 Qb7 28.Kh2 Qb6 29.Nd1 Qb5
30.h4 Kg7 31.Ne3 c3 32.bxc3 Rxe4 33.Rxa6 Rxh4+ 34.Kg2 Rh5 35.Qxb5 Rxb5 36.f4 Bf6
37.Rxd6 Rb1 38.Ng4 Be7 39.Rd7 Bc5 40.Ne5 Rg1+ 41.Kf3 Rh3 42.Rg2 Rc1 43.Rxf7+ Kg8
44.Rc7 Rxc3+ 45.Kg4 Rh1 46.Rb2 h5+ 47.Kg5 Rxg3+ 48.Kf6 Bf8 49.Rb8  1-0

[Event "Sachsen-ch"]
[Site "Gruenheide"]
[Date "1997.??.??"]
[Round "?"]
[White "Gempe, Thomas"]
[Black "Schunk, Thomas"]
[Result "1/2-1/2"]
[WhiteElo "2220"]
[BlackElo "2300"]

1.d4 Nf6 2.c4 c5 3.d5 e6 4.Nc3 exd5 5.cxd5 d6 6.Nf3 a6 7.a4 g6 8.Nd2 Bg7
9.Nc4 O-O 10.Bf4 Ne8 11.Qd2 f5 12.Qe3 Qc7 13.a5 Kh8 14.Qg3 Rf6 15.e3 Nd7
16.Be2 b5 17.axb6 Nxb6 18.O-O Bb7 19.Rfd1 h6 20.h4 Rd8 21.e4 Nxc4 22.Bxc4 Qf7
23.e5 dxe5 24.Bxe5 Rb6 25.b3 Nd6 26.Qe3 f4 27.Bxg7+ Qxg7 28.Qxc5 Nxc4 29.bxc4 Rb2
30.Qd4 Rc2 31.Ne4 Qxd4 32.Rxd4 Kg7 33.Rad1 a5 34.c5 Bc8 35.c6 Bf5 36.f3 a4
37.Rxa4 Rxc6 38.Ra7+ Kf8 39.dxc6 Rxd1+ 40.Kf2 Rc1 41.c7 Rc2+ 42.Ke1 Rc6 43.Ke2 Ke8
44.Kd3 Kd7 45.Kd4 Rc2 46.Ke5 Rxg2  1/2-1/2

[Event "Hafnarfjordur"]
[Site "Hafnarfjordur"]
[Date "1997.??.??"]
[Round "1"]
[White "Edvardsson, Kristjan"]
[Black "Hall, Jesper"]
[Result "0-1"]
[WhiteElo "2210"]
[BlackElo "2460"]

1.d4 Nf6 2.c4 e6 3.Nf3 c5 4.d5 exd5 5.cxd5 d6 6.Nc3 g6 7.Bf4 a6 8.a4 Bg7
9.e4 O-O 10.Nd2 Qe7 11.Be2 Nbd7 12.O-O Ne5 13.h3 Nfd7 14.Be3 g5 15.Re1 Ng6
16.Nf1 Nde5 17.Qd2 h6 18.Ng3 Nh4 19.Qd1 f5 20.exf5 Nxf5 21.Nxf5 Bxf5 22.Bg4 Bxg4
23.hxg4 Rae8 24.f3 h5 25.Ne4 hxg4 26.Bxg5 Qd7 27.f4 Ng6 28.Qd2 g3 29.Nxg3 Rxe1+
30.Rxe1 Bd4+ 31.Kf1 Qg4 32.Bh6 Qxg3 33.Bxf8 Kxf8 34.f5 Nf4 35.Re4 Be5 36.Kg1 Qg5
37.f6 Nh3+  0-1

[Event "Hafnarfjordur"]
[Site "Hafnarfjordur"]
[Date "1997.??.??"]
[Round "9"]
[White "Astrom, Robert"]
[Black "Hall, Jesper"]
[Result "1/2-1/2"]
[WhiteElo "2455"]
[BlackElo "2460"]

1.d4 Nf6 2.c4 e6 3.Nf3 c5 4.d5 exd5 5.cxd5 d6 6.Nc3 g6 7.e4 Bg7 8.h3 O-O
9.Bd3 Re8 10.O-O c4 11.Bxc4 Nxe4 12.Nxe4 Rxe4 13.Bg5 Qf8 14.Bd3 Re8 15.Qd2 h6
16.Bf4 Nd7 17.Bb5 Rd8 18.Rfe1 Nf6 19.Rac1 a6 20.Bc4 Bf5 21.Nd4 Be4 22.Ne2 Bf5
23.Nd4 Be4 24.Ne2 Bf5 25.Ng3 Bc8 26.Qb4 b5 27.Bb3 Bb7 28.Rcd1 Rac8 29.Qd2  1/2-1/2

[Event "Wichern op"]
[Site "Hamburg"]
[Date "1997.??.??"]
[Round "4"]
[White "Grabliauskas, Virginijus"]
[Black "Pajeken, Wolfgang"]
[Result "1-0"]
[WhiteElo "2445"]
[BlackElo "2270"]

1.d4 Nf6 2.c4 c5 3.d5 e6 4.Nc3 exd5 5.cxd5 d6 6.Nf3 g6 7.Nd2 Bg7 8.Nc4 O-O
9.Bf4 Nbd7 10.Bxd6 Re8 11.e3 Nb6 12.Bxc5 Nxc4 13.Bxc4 Qc7 14.b4 Ne4 15.Nxe4 Bxa1
16.Qxa1 Rxe4 17.Bd3 Rg4 18.O-O b6 19.Bd4 Bb7 20.e4 Qd7 21.f3 Rg5 22.Be3 Rh5
23.g4 Rh4 24.Qf6 Rxg4+  1-0

[Event "Heart of Finland op"]
[Site "?"]
[Date "1997.??.??"]
[Round "9"]
[White "Mertanen, Janne"]
[Black "Maidla, Vallo"]
[Result "0-1"]
[WhiteElo "2165"]
[BlackElo "2380"]

1.d4 Nf6 2.Nf3 c5 3.d5 e6 4.c4 exd5 5.cxd5 d6 6.Nc3 g6 7.Bf4 Bg7 8.Qa4+ Bd7
9.Qb3 b5 10.e3 b4 11.Nb5 Bxb5 12.Bxb5+ Ke7 13.Nd2 Nh5 14.Bg5+ Bf6 15.Bh6 a6
16.Be2 Bg7 17.Bxg7 Nxg7 18.e4 Re8 19.Qh3 h5 20.Qg3 Kf8 21.f3 h4 22.Qf4 g5
23.Qg4 Nd7 24.f4 Nf6 25.Qxg5 Nxe4 26.Qxd8 Raxd8 27.Nf3 Nf5 28.O-O Neg3 29.hxg3 Rxe2
30.Rf2 Rxf2 31.Kxf2 hxg3+ 32.Ke2 Re8+ 33.Kd3 Re3+ 34.Kd2 Re4 35.b3 Rxf4 36.a3 Nd4
37.Nxd4 Rxd4+ 38.Ke3 a5  0-1

[Event "Helsinki We G"]
[Site "Helsinki"]
[Date "1997.??.??"]
[Round "4"]
[White "Veingold, Aleksandr"]
[Black "Seppanen, Asko"]
[Result "1-0"]
[WhiteElo "2460"]
[BlackElo "2235"]

1.d4 Nf6 2.Nf3 e6 3.c4 c5 4.d5 exd5 5.cxd5 d6 6.Nc3 g6 7.e4 Bg7 8.Bb5+ Bd7
9.a4 O-O 10.O-O Qe7 11.Re1 Ng4 12.Bg5 Bf6 13.Bxf6 Qxf6 14.Qb3 a6 15.Bc4 Bc8
16.e5 Nxe5 17.Nxe5 dxe5 18.Ne4 Qe7 19.Qe3 Bf5 20.d6 Qd8 21.Ng3 Qxd6 22.Nxf5 gxf5
23.Rad1 f4 24.Qxe5 Qxe5 25.Rxe5 Nc6 26.Rg5+ Kh8 27.Rxc5 Rad8 28.Rcd5 Rxd5
29.Rxd5 Rd8 30.Kf1 Kg7 31.Ke2 Kf6 32.Kf3 Rxd5 33.Bxd5 Ne5+ 34.Ke4 b6 35.h3 a5
36.b3 Ng6 37.Kd4 Ke7 38.Bc4 Nh4 39.Bf1 Kd6 40.Ke4 Ng6 41.Kf5 Kc5 42.Bc4 Nh4+
43.Kxf4 Nxg2+ 44.Kg5 Ne1 45.Bxf7 Nf3+ 46.Kf4 Nd4 47.Ke4 b5 48.f4 bxa4 49.bxa4 Ne2
50.Ke5 Ng1 51.Be6 Kb4 52.Bd7 h5 53.Kf6 h4 54.Kg5 Ne2 55.f5 Kc4 56.f6 Kd5
57.Bg4 Nc3 58.Kg6  1-0

[Event "NLD-ch U20"]
[Site "Hengelo"]
[Date "1997.??.??"]
[Round "3"]
[White "Bekker Jensen, David"]
[Black "Wunnink, Michael"]
[Result "0-1"]
[WhiteElo "2180"]
[BlackElo "2045"]

1.d4 Nf6 2.c4 c5 3.d5 e6 4.Nc3 exd5 5.cxd5 d6 6.Nf3 g6 7.g3 Bg7 8.Bg2 O-O
9.O-O Na6 10.Nd2 Nc7 11.Nc4 Nfe8 12.a4 b6 13.e4 Ba6 14.Qd3 Bxc4 15.Qxc4 a6
16.Re1 Rb8 17.f4 b5 18.Qf1 Nf6 19.e5 dxe5 20.fxe5 Nd7 21.axb5 axb5 22.Qf4 c4
23.Ra7 b4 24.Nd1 Nb5 25.Ra1 Nxe5 26.Nf2 Re8 27.Rf1 Nd4 28.Kh1 Nf5 29.Ng4 c3
30.bxc3 Nd3 31.Qf3 Ne1 32.Qf2 Nxg2 33.Qxg2 h5 34.Nf2 Bxc3 35.Rb1 Re2 36.Bf4 Ra8
37.g4 Nh4 38.Bc7 Qd7 39.Qg3 Qxd5+ 40.Kg1 Nf3+ 41.Kg2 Ng5+ 42.Kg1 h4 43.Qd3 Bd4
44.Rbd1 Ra3  0-1

[Event "HUN-chT2 9798"]
[Site "HUN"]
[Date "1997.??.??"]
[Round "?"]
[White "Kaman, Attila"]
[Black "Banhazi, Istvan"]
[Result "1-0"]
[WhiteElo "2190"]
[BlackElo "2170"]

1.d4 Nf6 2.Nf3 c5 3.d5 e6 4.c4 exd5 5.cxd5 d6 6.Nc3 g6 7.e4 Bg7 8.Be2 O-O
9.O-O Bg4 10.Nd2 Bxe2 11.Qxe2 a6 12.a4 Nbd7 13.a5 Qe7 14.Ra3 g5 15.Nc4 h6
16.Rb3 Rab8 17.f4 gxf4 18.Bxf4 Ne8 19.Ne3 Ne5 20.Nf5 Qf6 21.Nd1 Kh7 22.Rh3 Rh8
23.Nxh6 Bxh6 24.Rxh6+ Qxh6 25.Bxh6 Kxh6 26.Ne3 Kg7 27.Nf5+ Kf8 28.Qd2 b5
29.axb6 Rxb6 30.Qa5 Nd7 31.Qc3 f6 32.Ne3 Rh4 33.Nc4 Rb4 34.Re1 Ke7 35.b3 Rh7
36.g3 Nc7 37.Qf3 Rg7 38.Ne3 Ne5 39.Nf5+ Kd7 40.Qh5 Rf7 41.Nh6 Rg7 42.Qf5+ Ke7
43.Rf1 Rg6 44.Ng8+ Kd8 45.Nxf6 Rxb3 46.Nh5 Ne8 47.Kg2 Kc7 48.Nf4 Rh6 49.Rf2 a5
50.Qf8 Ng4 51.h4 Nxf2 52.Qxh6 Rb2 53.Qh8 Nd1+ 54.Kf3 Rf2+ 55.Kg4 Ne3+ 56.Kg5 Kd8
57.Qf8 Rf1  1-0

[Event "HUN-chT2 9798"]
[Site "HUN"]
[Date "1997.??.??"]
[Round "?"]
[White "Schlosser, Philipp"]
[Black "De Sousa, Jose"]
[Result "1-0"]
[WhiteElo "2560"]
[BlackElo "2240"]

1.d4 Nf6 2.Nf3 e6 3.c4 c5 4.d5 d6 5.Nc3 exd5 6.cxd5 g6 7.e4 a6 8.a4 Bg4 9.Be2 Bxf3
10.Bxf3 Nbd7 11.Bf4 Qe7 12.O-O Bg7 13.Re1 Ne5 14.Be2 O-O 15.a5 Rfe8 16.Qd2 Qc7
17.Bf1 Ned7 18.Qc2 h6 19.Bd2 Re7 20.b3 Rae8 21.f3 g5 22.Bc4 Nh5 23.Kh1 Ne5
24.Rf1 Ng6 25.Ra2 Qd7 26.Na4 Rf8 27.Nb6 Qe8 28.b4 cxb4 29.Bxb4 Be5 30.Bb3 Ng7
31.Nc4 Qb5 32.Ra4 Rc8 33.Rb1 Rec7 34.Ba3 Qd7 35.Qd1 Re8 36.Rb4 Nf4 37.Ba4  1-0

[Event "HUN-chT 9798"]
[Site "Hungary"]
[Date "1997.??.??"]
[Round "?"]
[White "Berta, Krisztian"]
[Black "Kocsis, Janos"]
[Result "1/2-1/2"]
[WhiteElo "2160"]
[BlackElo "2250"]

1.d4 Nf6 2.c4 c5 3.d5 e6 4.Nc3 exd5 5.cxd5 d6 6.Nf3 g6 7.Nd2 Nbd7 8.e4 Bg7
9.Be2 O-O 10.O-O Re8 11.f3 Ne5 12.Rb1 a6 13.a4 Qc7 14.Nc4 Nxc4 15.Bxc4 Rb8
16.Be3 Bd7 17.Qd3 Qa5 18.Bd2 Qd8 19.b4 Nh5 20.bxc5 dxc5 21.g4 Bd4+ 22.Kh1 Ng7
23.Ne2 Be5 24.f4 Bd6 25.g5 Bxa4 26.Bc3 b5 27.Ba2 Bf8 28.Bf6 Qd7 29.Nc3 c4
30.Qe2 Bb3 31.Bxb3 cxb3 32.Qd3 b4  1/2-1/2